QUEST Central Library Banner

Energy Storage in Electric Power Grid (Record no. 16560)

MARC details
000 -LEADER
fixed length control field 00547nam a22002057a 4500
020 ## - INTERNATIONAL STANDARD BOOK NUMBER
ISBN 1848216114
020 ## - INTERNATIONAL STANDARD BOOK NUMBER
ISBN 978-1848216112
082 ## - DEWEY DECIMAL CLASSIFICATION NUMBER
Classification number 621.42ROB
100 ## - MAIN ENTRY--AUTHOR NAME
Personal name Robyns, Benoit
245 ## - TITLE STATEMENT
Title Energy Storage in Electric Power Grid
260 ## - PUBLICATION, DISTRIBUTION, ETC. (IMPRINT)
Place of publication India:
Name of publisher John Wiley & Sons,
Year of publication 2015.
300 ## - PHYSICAL DESCRIPTION
Number of Pages 2008p.;
650 ## - SUBJECT ADDED ENTRY--TOPICAL TERM
Topical Term Energy Storage
650 ## - SUBJECT ADDED ENTRY--TOPICAL TERM
Topical Term Electric Power
700 ## - ADDED ENTRY--PERSONAL NAME
Personal name Saudemont, Christophe
700 ## - ADDED ENTRY--PERSONAL NAME
Personal name François, Bruno
700 ## - ADDED ENTRY--PERSONAL NAME
Personal name Delille, Gauthier
856 ## - ELECTRONIC LOCATION AND ACCESS
Uniform Resource Identifier http://10.10.170.122:8080/browse/book/25097
942 ## - ADDED ENTRY ELEMENTS (KOHA)
Koha item type Books
Holdings
Withdrawn status Lost status Home library Current library Date acquired Cost, normal purchase price Full call number Accession Number Koha item type
    Central Library, QUEST, Nawabshah Central Library, QUEST, Nawabshah 18/07/2016 18022.00 621.42ROB 54227 Books

Copyright © 2018,The QUEST, Nawabshah, Shaheed Benazirabad. All rights reserved
Mr. G. Farooq Channar (Librarian) QUEST, Nawabshah, Sindh, Pakistan 67480.
 Ph#: |   0244-9370381-4 Ext. 2308   Email| lib@quest.edu.pk   Web|  http://www.quest.edu.pk